000 00808nam a22002297a 4500
003 UA-OsUOA
001 82240
007 ta
008 20120224b un ||||| |||| 00| 0 ukr d
100 _aШевченко Н.
700 _aДаценко В.
090 _a330(477)
_bШ37
942 _cSA
040 _aUA-OsUOA
_bukr
_cUA-OsUOA
_dUA-OsUOA
245 _aІнвестиційна діяльність недержавних пенсійних фондів: проблеми та перспективи розвитку недержавного пенсійного забезпечення
300 _aС.3-8
955 _a0
041 _aukr
080 _a330(477)
773 0 _w82239
_tУкраїна: аспекти праці
_dК.
_d2012
_g1
650 7 _a330 Економіка взагалі
_2UDC
999 _c368544
_d368544